| 000 | 00577nam a22001817a 4500 | ||
|---|---|---|---|
| 999 |
_c61571 _d61571 |
||
| 005 | 20240326102101.0 | ||
| 008 | 240326c2002 ru ||||| |||| 00| 0 rus d | ||
| 022 | _a594375007X | ||
| 041 | _arus | ||
| 245 |
_aДревности Боспора: _b2002 / _cГл. ред. А.А. Масленников. |
||
| 260 |
_a М., _b _c2002. |
||
| 300 | _aV. | ||
| 653 | _aისტორია | ||
| 653 | _aარქეოლოგია | ||
| 653 | _aპერიოდიკა | ||
| 700 |
_aМасленников, А.А. _eრედაქტორი _921581 |
||
| 942 |
_2udc _cCR |
||